Sočinenija v 2 tomach. Tom 1, Stichotvorenija, pesni, perevody /

Hlavní autor: Surkov, Aleksej Aleksandrovič, 1899-1983
Jazyk: Ruština
Vydáno: Moskva : Goslitizdat, 1954
Fyzický popis: 338 s., obr. příl. : il.
Knihy
Uloženo v:
LEADER 00721nam a22002052a 4500
001 001448919
003 CZ BrMZK
005 20150723152735.0
007 ta
008 150114s1954 ru af er|||||||||||rus d
040 |a ABA004  |b cze  |c ABA004  |d ABA004  |d BOA001 
100 1 |a Surkov, Aleksej Aleksandrovič,  |d 1899-1983  |7 jn19990210592  |4 aut 
245 1 0 |a Sočinenija v 2 tomach.  |n Tom 1,  |p Stichotvorenija, pesni, perevody /  |c A.A. Surkov 
246 3 0 |a Stichotvorenija, pesni, perevody 
260 |a Moskva :  |b Goslitizdat,  |c 1954 
300 |a 338 s., obr. příl. :  |b il. 
910 |a BOA001  |b 2-0329.411,1 
990 |a BK 
991 |b 201501 
996 7 |b 2618998635  |c 2-0329.411,1  |l MZK  |r Sklad / do 24 hodin  |n 0  |w 001483598  |u 000010  |a 1  |e BOA001  |j MZK50  |s A